[Event "SR 3. liga A2 2015/2016"]
[Site "?"]
[Date "2015.10.11"]
[Round "1.3"]
[White "Mihalik, Anton"]
[Black "Capanda, Jan"]
[Result "1-0"]
[WhiteElo "1947"]
[BlackElo "1876"]
[PlyCount "95"]
[EventDate "2016.??.??"]

1. c4 c5 2. Nc3 Nc6 3. g3 g6 4. Bg2 Bg7 5. e3 Nf6 6. Nge2 O-O 7. O-O Rb8 8. d4
cxd4 9. Nxd4 a6 10. a3 e6 11. b4 Qc7 12. Qb3 d6 13. Nxc6 bxc6 14. Bb2 a5 15. b5
Rd8 16. Rac1 Bb7 17. Rfd1 h5 18. Ne4 Nxe4 19. Bxe4 Bxb2 20. Qxb2 Qe7 21. Bd3 h4
22. Qd4 hxg3 23. hxg3 cxb5 24. cxb5 Bf3 25. Rd2 e5 26. Qh4 Qxh4 27. gxh4 Kg7
28. Kh2 Ba8 29. Rc7 Kf6 30. Kg3 Rh8 31. Bc4 d5 32. Bxd5 Bxd5 33. Rxd5 Rb6 34.
a4 Ke6 35. Rdd7 Rf8 36. e4 f5 37. f3 Re8 38. Rg7 Kd6 39. Rgd7+ Ke6 40. Rb7 Rxb7
41. Rxb7 Rd8 42. Rb6+ Kf7 43. Ra6 Rd3 44. exf5 gxf5 45. Kf2 Rd4 46. Rxa5 Rxh4
47. b6 Rb4 48. Rb5 1-0

[Event "SR 3. liga A2 2015/2016"]
[Site "?"]
[Date "2015.10.11"]
[Round "1.3"]
[White "Lezovic, Maros"]
[Black "Manak, Adrian"]
[Result "1-0"]
[WhiteElo "1815"]
[BlackElo "1942"]
[PlyCount "83"]
[EventDate "2016.??.??"]

1. e4 e5 2. Nf3 Nf6 3. Nc3 Nc6 4. Bc4 Nxe4 5. Bxf7+ Kxf7 6. Nxe4 d5 7. Ng3 e4
8. Ng1 Bc5 9. N1e2 h5 10. d4 exd3 11. Qxd3 h4 12. Nf5 Ne5 13. Qc3 Bxf2+ 14.
Kxf2 Qf6 15. Qxc7+ Kg6 16. Qxg7+ Qxg7 17. Nxg7 Kxg7 18. Rf1 Bf5 19. Nd4 Be4 20.
Kg1 Nc4 21. b3 Nd6 22. Bf4 Nf7 23. Rac1 Rac8 24. c4 dxc4 25. Rxc4 Rxc4 26. bxc4
Rc8 27. c5 Bd5 28. Nf5+ Kh8 29. Ne7 Rxc5 30. Be3 Rc2 31. Nxd5 Nd6 32. Rf2 Rc8
33. Bd4+ Kh7 34. g4 Rc1+ 35. Rf1 Rc2 36. Ne7 Rxa2 37. g5 h3 38. g6+ Kh6 39. g7
Rg2+ 40. Kh1 Rxg7 41. Bxg7+ Kxg7 42. Nf5+ 1-0

[Event "SR 3. liga A2 2015/2016"]
[Site "?"]
[Date "2015.10.11"]
[Round "1.3"]
[White "Curidlo, Jan"]
[Black "Mackovic, Miroslav"]
[Result "1/2-1/2"]
[WhiteElo "1879"]
[BlackElo "1890"]
[PlyCount "85"]
[EventDate "2016.??.??"]

1. e4 c5 2. Nf3 d6 3. d4 cxd4 4. Nxd4 Nf6 5. Nc3 e6 6. Be2 a6 7. Be3 Be7 8. f4
Qc7 9. Bf3 O-O 10. Qd2 Nc6 11. g4 Nxd4 12. Bxd4 e5 13. Be3 Bxg4 14. Bxg4 Nxg4
15. O-O-O Nxe3 16. Qxe3 Qd8 17. Kb1 f6 18. Rhg1 exf4 19. Qxf4 Rf7 20. Rd3 g6
21. Nd5 Rc8 22. Qg4 Bf8 23. Qe6 Kg7 24. Qg4 Rc5 25. Nf4 Qc8 26. Ne6+ Kh8 27.
Nxc5 Qxg4 28. Rxg4 dxc5 29. Rd5 Re7 30. c4 Re6 31. Kc2 Be7 32. Kd3 Kg7 33. Rd7
b6 34. a4 h5 35. Rg2 Kh6 36. h3 Bd6 37. Rd8 g5 38. Rh8+ Kg6 39. Rg8+ Kf7 40.
Rd8 Be5 41. Ke3 a5 42. Kf3 Kg6 43. Rgd2 1/2-1/2

[Event "SR 3. liga A2 2015/2016"]
[Site "?"]
[Date "2015.10.11"]
[Round "1.3"]
[White "Gajarsky, Julius"]
[Black "Slaby, Jozef"]
[Result "0-1"]
[WhiteElo "1808"]
[BlackElo "1825"]
[PlyCount "80"]
[EventDate "2016.??.??"]

1. Nf3 d5 2. c4 Nf6 3. g3 e6 4. Bg2 Be7 5. O-O O-O 6. b3 Nbd7 7. Bb2 Rb8 8. Qc2
c5 9. e3 b5 10. cxb5 Rxb5 11. d3 Ba6 12. Nc3 Rb8 13. Ne2 Qb6 14. Rab1 Rfc8 15.
Nd2 Qc7 16. Rfe1 Bd6 17. Nf4 Be5 18. d4 cxd4 19. Qxc7 Rxc7 20. Bxd4 Bxd4 21.
exd4 Rc2 22. Nf3 Ne4 23. Ne5 Ndf6 24. f3 Nd6 25. a4 Rbc8 26. b4 Rd2 27. b5 Bb7
28. a5 Rcc2 29. a6 Ba8 30. b6 axb6 31. Rxb6 Nfe8 32. Reb1 Rc8 33. a7 Ra2 34.
Rb8 Rxa7 35. Rxc8 Nxc8 36. Rb8 Ncd6 37. Bf1 Bb7 38. Bb5 Ra8 39. Rxa8 Bxa8 40.
Nd7 Nxb5 0-1

[Event "SR 3. liga A2 2015/2016"]
[Site "?"]
[Date "2015.10.11"]
[Round "1.4"]
[White "Hecko, Dusan"]
[Black "Stanec, Stanislav"]
[Result "1/2-1/2"]
[WhiteElo "2104"]
[BlackElo "2167"]
[PlyCount "86"]
[EventDate "2016.??.??"]

1. c4 Nf6 2. Nc3 g6 3. g3 Bg7 4. Bg2 O-O 5. Nf3 c6 6. O-O d5 7. cxd5 Nxd5 8.
Qc2 Na6 9. a3 Nac7 10. b3 Nb5 11. Bb2 Nbxc3 12. dxc3 Qc7 13. c4 Bxb2 14. Qxb2
Nf6 15. Qe5 Qxe5 16. Nxe5 Be6 17. Rfd1 Rfd8 18. Kf1 Kf8 19. Ke1 Ke8 20. Rxd8+
Kxd8 21. Rd1+ Kc7 22. Kd2 Rd8+ 23. Kc1 Rxd1+ 24. Kxd1 Kd6 25. f4 a5 26. Kd2 Ng4
27. Nxg4 Bxg4 28. e3 e5 29. b4 axb4 30. axb4 exf4 31. c5+ Kd7 32. gxf4 h6 33.
Kd3 Bd1 34. Kd4 Ke6 35. h3 f5 36. Bf1 Bf3 37. b5 cxb5 38. Bxb5 g5 39. fxg5 hxg5
40. Bc4+ Kf6 41. Bd5 g4 42. e4 Bxe4 43. Bxe4 fxe4 1/2-1/2

[Event "SR 3. liga A2 2015/2016"]
[Site "?"]
[Date "2015.10.11"]
[Round "1.4"]
[White "Vepy, Ivan"]
[Black "Pericka, Tomas"]
[Result "1/2-1/2"]
[WhiteElo "1938"]
[BlackElo "2015"]
[PlyCount "44"]
[EventDate "2016.??.??"]

1. e4 c5 2. Nf3 Nc6 3. d4 cxd4 4. Nxd4 g6 5. Nxc6 bxc6 6. Be2 Bg7 7. O-O Rb8 8.
c3 Nf6 9. Qc2 Qc7 10. Nd2 d5 11. h3 O-O 12. Re1 e5 13. Bf3 Be6 14. b3 Nd7 15.
Bb2 f5 16. exd5 cxd5 17. c4 dxc4 18. Rac1 Rfc8 19. Nxc4 Bh6 20. Ne3 Qxc2 21.
Rxc2 e4 22. Bd1 Nc5 1/2-1/2

[Event "SR 3. liga A2 2015/2016"]
[Site "?"]
[Date "2015.10.11"]
[Round "1.4"]
[White "Ocko, Martin"]
[Black "Harastova, Viera"]
[Result "1-0"]
[WhiteElo "1948"]
[BlackElo "1895"]
[PlyCount "45"]
[EventDate "2016.??.??"]

1. e4 e5 2. Nf3 Nc6 3. Bb5 a6 4. Ba4 Nf6 5. d3 Be7 6. O-O O-O 7. Re1 d6 8. c3
Bg4 9. h3 Bh5 10. Nbd2 Nd7 11. Nf1 Nc5 12. Bc2 Ne6 13. Ng3 Bg6 14. Nh2 Bg5 15.
Ng4 Nf4 16. Ne3 Ne7 17. Nef5 Bxf5 18. exf5 Qd7 19. Qg4 Bh6 20. d4 Qc6 21. Nh5
g6 22. Nxf4 Bxf4 23. Bxf4 1-0

[Event "SR 3. liga A2 2015/2016"]
[Site "?"]
[Date "2015.10.11"]
[Round "1.4"]
[White "Vogl, Zdenek"]
[Black "Nemeckay, Rastislav"]
[Result "1/2-1/2"]
[WhiteElo "1906"]
[BlackElo "1983"]
[PlyCount "25"]
[EventDate "2016.??.??"]

1. e4 e5 2. Nf3 Nc6 3. Bb5 a6 4. Ba4 Nf6 5. O-O b5 6. Bb3 Be7 7. Re1 d6 8. c3
O-O 9. h3 Na5 10. Bc2 c5 11. b4 Nc6 12. a3 a5 13. bxc5 1/2-1/2

[Event "SR 3. liga A2 2015/2016"]
[Site "?"]
[Date "2015.10.11"]
[Round "1.4"]
[White "Danada, Ondrej"]
[Black "Hrubsa, Marian"]
[Result "1/2-1/2"]
[WhiteElo "1925"]
[BlackElo "1784"]
[PlyCount "56"]
[EventDate "2016.??.??"]

1. e4 e6 2. d4 d5 3. Nc3 Nf6 4. Bg5 Be7 5. e5 Nfd7 6. Bxe7 Qxe7 7. f4 a6 8. Nf3
c5 9. Be2 cxd4 10. Nxd4 Nc6 11. Qd2 Nxd4 12. Qxd4 b5 13. a3 Bb7 14. O-O h5 15.
f5 Qc5 16. Qxc5 Nxc5 17. fxe6 fxe6 18. Bf3 Nd7 19. Rae1 Ke7 20. Na2 Raf8 21. g4
hxg4 22. Bxg4 Rxf1+ 23. Rxf1 Nxe5 24. Rf4 Nxg4 25. Rxg4 Rh7 26. a4 Bc6 27. Nb4
Bb7 28. Nd3 Kd6 1/2-1/2

[Event "SR 3. liga A2 2015/2016"]
[Site "?"]
[Date "2015.10.11"]
[Round "1.4"]
[White "Bartos, Bohumil"]
[Black "Hanzluvka, Peter"]
[Result "0-1"]
[WhiteElo "1675"]
[BlackElo "1935"]
[PlyCount "43"]
[EventDate "2016.??.??"]

1. d4 d6 2. c4 Nf6 3. Nc3 g6 4. e4 Bg7 5. Nf3 O-O 6. Be2 e5 7. d5 Nbd7 8. Bg5
a6 9. h3 Qe8 10. Qd2 Nc5 11. Bxf6 Bxf6 12. b4 Nd7 13. O-O Bg7 14. Qe3 Nf6 15.
c5 Nh5 16. Nd2 Nf4 17. Bf3 Bh6 18. Kh2 Qe7 19. g3 Kg7 20. cxd6 cxd6 21. Bg4
Nxh3 22. f4 0-1

[Event "SR 3. liga A2 2015/2016"]
[Site "?"]
[Date "2015.10.11"]
[Round "1.4"]
[White "Danihel, Jozef"]
[Black "Diviak, Rudolf"]
[Result "0-1"]
[WhiteElo "1589"]
[BlackElo "1811"]
[PlyCount "56"]
[EventDate "2016.??.??"]

1. d4 g6 2. e4 Bg7 3. Nf3 d6 4. Bd3 Nf6 5. Bg5 O-O 6. O-O Nbd7 7. c4 e5 8. d5
h6 9. Bh4 Qe8 10. Re1 Nh7 11. h3 f5 12. Bg3 f4 13. Bh2 Ndf6 14. Kh1 g5 15. Bf1
Qh5 16. Nc3 g4 17. Ng1 Ng5 18. c5 a6 19. b4 Qg6 20. h4 Ngxe4 21. Nxe4 Nxe4 22.
Qe2 Bf5 23. Rac1 g3 24. fxg3 fxg3 25. Nh3 gxh2 26. Qe3 Bxh3 27. Qxe4 Rxf1+ 28.
Kxh2 Qxe4 0-1

[Event "SR 3. liga A2 2015/2016"]
[Site "?"]
[Date "2015.10.11"]
[Round "1.6"]
[White "Gasa, Andrej"]
[Black "Sturdik, Igor"]
[Result "1-0"]
[WhiteElo "2327"]
[BlackElo "1994"]
[PlyCount "127"]
[EventDate "2016.??.??"]

1. Nf3 Nf6 2. d4 e6 3. c4 c5 4. Nc3 d5 5. e3 Nc6 6. Be2 cxd4 7. Nxd4 dxc4 8.
Bxc4 Nxd4 9. exd4 Be7 10. O-O O-O 11. d5 exd5 12. Nxd5 Nxd5 13. Bxd5 Bf6 14.
Qb3 Qd6 15. Be3 Be6 16. Rad1 Rfd8 17. Bxe6 Qxe6 18. Qxe6 fxe6 19. b3 b6 20.
Rxd8+ Rxd8 21. Rc1 Rd7 22. Kf1 Kf7 23. Ke2 Kg6 24. Rc6 Kf7 25. Rc8 Ke7 26. Rh8
h6 27. Rc8 Be5 28. h3 Rc7 29. Rxc7+ Bxc7 30. Kd3 h5 31. Ke4 Kf7 32. f3 g6 33.
Bd4 a6 34. Be5 Bd8 35. a4 Ke7 36. Bb8 Kf6 37. Bg3 Kf7 38. Kd4 Kf6 39. Ke4 Kf7
40. Bd6 Kf6 41. Bf4 Kf7 42. Bg3 Ke8 43. Be5 Ke7 44. g4 Kf7 45. Kf4 Ke8 46. Ke4
Kf7 47. Kd4 Ke7 48. b4 Kd7 49. b5 axb5 50. axb5 Ke7 51. Ke4 Ke8 52. Bd6 Kf7 53.
Kf4 Kf6 54. g5+ Kf7 55. h4 Ke8 56. Ke5 Kd7 57. Bb4 Bc7+ 58. Kf6 Bg3 59. Kxg6
Bxh4 60. Kxh5 Bf2 61. Bc3 Ke7 62. Kh6 Be3 63. Bf6+ Kf8 64. Kh7 1-0

[Event "SR 3. liga A2 2015/2016"]
[Site "?"]
[Date "2015.10.11"]
[Round "1.6"]
[White "Puskar, Peter"]
[Black "Cajka, Tibor"]
[Result "1-0"]
[WhiteElo "2084"]
[BlackElo "2135"]
[PlyCount "149"]
[EventDate "2016.??.??"]

1. d4 Nf6 2. Nf3 c5 3. e3 d5 4. Be2 Nc6 5. O-O Bf5 6. b3 e6 7. Bb2 Be7 8. Nbd2
O-O 9. c4 cxd4 10. exd4 h6 11. a3 Rc8 12. Rc1 Ne4 13. Nxe4 dxe4 14. Ne1 Bg5 15.
Ra1 e5 16. Nc2 exd4 17. Nxd4 Nxd4 18. Qxd4 Qxd4 19. Bxd4 b6 20. Be3 Bxe3 21.
fxe3 Be6 22. Rad1 Rfd8 23. Kf2 f5 24. g3 Kf7 25. Rd4 Kf6 26. Rfd1 Rf8 27. a4
Ke5 28. Bf1 g5 29. Bg2 Rc7 30. R1d2 Rfc8 31. g4 Rf8 32. gxf5 Bxf5 33. Kg3 Re7
34. Rd5+ Ke6 35. Rd6+ Kf7 36. Rxh6 Kg7 37. Rhd6 Rfe8 38. R2d5 Re5 39. Bh3 Bxh3
40. Kxh3 Rh8+ 41. Kg3 Rxd5 42. Rxd5 Kf6 43. Rd7 g4 44. Kxg4 Rxh2 45. Rxa7 Rb2
46. Kf4 Rxb3 47. Kxe4 Ke6 48. a5 b5 49. Rb7 Rb4 50. Rb6+ Kd7 51. Rxb5 Rxc4+ 52.
Kd5 Rc1 53. Rb7+ Kc8 54. a6 Ra1 55. Rb6 Rd1+ 56. Ke6 Kc7 57. Rb7+ Kc6 58. Rh7
Rd6+ 59. Ke5 Rd5+ 60. Ke4 Ra5 61. a7 Ra4+ 62. Kf5 Ra5+ 63. Kf6 Kd6 64. e4 Ra6
65. e5+ Kd5+ 66. Kf5 Ra1 67. Rd7+ Kc6 68. Ke6 Ra5 69. Rg7 Ra6 70. Kf5 Ra1 71.
e6 Rf1+ 72. Ke5 Re1+ 73. Kf6 Rf1+ 74. Ke7 Ra1 75. Kf8 1-0

[Event "SR 3. liga A2 2015/2016"]
[Site "?"]
[Date "2015.10.11"]
[Round "1.6"]
[White "Lanik, Miroslav"]
[Black "Kolenak, Matus"]
[Result "0-1"]
[WhiteElo "1906"]
[BlackElo "1992"]
[PlyCount "134"]
[EventDate "2016.??.??"]

1. e4 c5 2. Nf3 Nc6 3. d4 cxd4 4. Nxd4 e6 5. Nc3 Nf6 6. Be3 Bb4 7. Bd3 d5 8.
Nxc6 bxc6 9. exd5 exd5 10. Bd2 O-O 11. O-O Bg4 12. Ne2 Bd6 13. h3 Bh5 14. Bg5
Rb8 15. Qc1 Be5 16. Rb1 Qb6 17. c3 Bxe2 18. Bxe2 Ne4 19. Be3 Qc7 20. Bd3 f5 21.
Bxe4 dxe4 22. f4 Bf6 23. Qc2 Rfd8 24. Rbd1 Rd5 25. Rxd5 cxd5 26. Rd1 Qb7 27.
Rd2 Rd8 28. Qa4 a6 29. Kf2 Qb5 30. Qxb5 axb5 31. a3 g6 32. Bd4 Be7 33. Be5 Kf7
34. Bd4 Ke6 35. Bb6 Rb8 36. Be3 h5 37. Ke2 h4 38. Rd1 Bd6 39. Rf1 Rf8 40. Bd4
Rg8 41. Be3 Be7 42. Rg1 g5 43. g4 hxg3 44. Rxg3 g4 45. hxg4 Rxg4 46. Rxg4 fxg4
47. Kf2 Bh4+ 48. Kg2 Kf5 49. Bd2 Ke6 50. Be3 Kd6 51. Bd4 Be1 52. Be3 Ke6 53.
Kf1 Bh4 54. Kg2 Be7 55. Kg3 Kf5 56. Bd4 Bd6 57. Be3 Bc7 58. b3 Bd6 59. a4 b4
60. a5 bxc3 61. a6 Bb8 62. a7 Bxa7 63. Bxa7 c2 64. Be3 d4 65. Bc1 e3 66. b4 Ke4
67. b5 d3 0-1

[Event "SR 3. liga A2 2015/2016"]
[Site "?"]
[Date "2015.10.11"]
[Round "1.6"]
[White "Bukovsky, Milan"]
[Black "Palka, Miroslav"]
[Result "1/2-1/2"]
[WhiteElo "1956"]
[BlackElo "1900"]
[PlyCount "43"]
[EventDate "2016.??.??"]

1. d4 d5 2. c4 Nf6 3. Nc3 e6 4. Bg5 Nbd7 5. cxd5 exd5 6. e3 c6 7. Nf3 g6 8. Bd3
Bg7 9. Qc2 Qa5 10. O-O O-O 11. Rab1 c5 12. dxc5 Qxc5 13. Rbc1 Nb6 14. Qb3 Be6
15. Na4 Qa5 16. Nc5 Nbd7 17. Nxe6 fxe6 18. Nd4 Rfe8 19. Qxb7 Rab8 20. Nc6 Rxb7
21. Nxa5 Rxb2 22. Rc2 1/2-1/2

[Event "SR 3. liga A2 2015/2016"]
[Site "?"]
[Date "2015.10.11"]
[Round "1.6"]
[White "Kubik, Peter"]
[Black "Bahna, Jan"]
[Result "0-1"]
[WhiteElo "1866"]
[BlackElo "1895"]
[PlyCount "110"]
[EventDate "2016.??.??"]

1. e4 e5 2. Nf3 Nc6 3. Nc3 Be7 4. Bb5 d6 5. d4 exd4 6. Nxd4 Bd7 7. Bxc6 bxc6 8.
O-O Nf6 9. Bf4 c5 10. Nf3 Bc6 11. Re1 O-O 12. e5 Nh5 13. exd6 cxd6 14. Bc1 Nf6
15. Qd3 Re8 16. Bf4 Bf8 17. Rxe8 Nxe8 18. Nd5 Nc7 19. Nxc7 Qxc7 20. c4 a5 21.
Rd1 Qb7 22. b3 a4 23. Ng5 g6 24. f3 Rd8 25. Ne4 Bxe4 26. fxe4 axb3 27. axb3 f6
28. Qd5+ Qxd5 29. exd5 g5 30. Bg3 Kf7 31. Re1 f5 32. h4 h6 33. hxg5 hxg5 34.
Re6 f4 35. Be1 Rb8 36. Ba5 Rxb3 37. Bc7 Rc3 38. Bxd6 Bxd6 39. Rxd6 Rxc4 40. Kf2
g4 41. Rc6 Rc2+ 42. Kf1 g3 43. Rc7+ Ke8 44. d6 c4 45. Re7+ Kd8 46. Rc7 c3 47.
Rc4 Rf2+ 48. Ke1 Rxg2 49. Rxc3 Rf2 50. Rc7 f3 51. Rg7 Re2+ 52. Kf1 g2+ 53. Kg1
Re1+ 54. Kf2 Rf1+ 55. Ke3 g1=Q+ 0-1

[Event "SR 3. liga A2 2015/2016"]
[Site "?"]
[Date "2015.10.11"]
[Round "1.6"]
[White "Krist, Milan"]
[Black "Havlicek, Peter"]
[Result "1-0"]
[WhiteElo "1859"]
[BlackElo "1803"]
[PlyCount "85"]
[EventDate "2016.??.??"]

1. c4 e6 2. Nc3 Nf6 3. Nf3 c6 4. d4 d5 5. e3 Bd6 6. Bd3 O-O 7. e4 dxe4 8. Nxe4
Nxe4 9. Bxe4 Bb4+ 10. Bd2 Bxd2+ 11. Qxd2 Qf6 12. O-O Nd7 13. Rad1 Nb6 14. b3
Rd8 15. Qe3 Bd7 16. Rd2 Be8 17. Rfd1 h6 18. h3 Qe7 19. d5 cxd5 20. cxd5 Rd6 21.
a4 Rad8 22. dxe6 Rxd2 23. Rxd2 Rxd2 24. exf7+ Bxf7 25. Nxd2 Qd7 26. Qd3 Qxd3
27. Bxd3 Bd5 28. Be4 a5 29. Kf1 Kf7 30. Bxd5+ Nxd5 31. Ke2 Ke6 32. Nc4 b6 33.
g3 Kd7 34. Kd3 Kc6 35. Kd4 Nf6 36. Ne3 g6 37. Ng4 Nxg4 38. hxg4 b5 39. f4 bxa4
40. bxa4 Kd6 41. Kc4 h5 42. gxh5 gxh5 43. Kb5 1-0

[Event "SR 3. liga A2 2015/2016"]
[Site "?"]
[Date "2015.10.11"]
[Round "1.6"]
[White "Huska, Branislav"]
[Black "Hagara, Vladimir"]
[Result "1-0"]
[WhiteElo "1766"]
[BlackElo "1845"]
[PlyCount "65"]
[EventDate "2016.??.??"]

1. e4 c5 2. Nf3 d6 3. d4 cxd4 4. Nxd4 Nf6 5. Nc3 a6 6. Bg5 e6 7. f4 Be7 8. Qf3
Qc7 9. O-O-O Nbd7 10. Bd3 O-O 11. h4 Rb8 12. h5 b5 13. g4 Bb7 14. Nce2 Nc5 15.
Ng3 Nxd3+ 16. Rxd3 Rfc8 17. Rh2 Ne8 18. Bxe7 Qxe7 19. g5 g6 20. Qg4 Nc7 21.
hxg6 fxg6 22. f5 exf5 23. exf5 Qe1+ 24. Rd1 Qe3+ 25. Kb1 Nd5 26. fxg6 Re8 27.
gxh7+ Kh8 28. g6 Qe5 29. Ndf5 Re7 30. Nxe7 Nxe7 31. Re2 Qf6 32. Nh5 Qf5 33.
Qd4+ 1-0

[Event "SR 3. liga A2 2015/2016"]
[Site "?"]
[Date "2015.10.11"]
[Round "1.6"]
[White "Holicky, Miroslav"]
[Black "Kir, Kvetoslav"]
[Result "0-1"]
[WhiteElo "1840"]
[BlackElo "1856"]
[PlyCount "116"]
[EventDate "2016.??.??"]

1. d4 Nf6 2. c4 g6 3. g3 Bg7 4. Nc3 O-O 5. Bg2 d6 6. e3 c6 7. Nge2 a5 8. O-O
Qc7 9. b3 Bd7 10. Ba3 Na6 11. Rc1 Rfd8 12. Qd3 Nb4 13. Qb1 Rac8 14. Bb2 b6 15.
a3 Na6 16. Rfd1 Qb8 17. Qa1 h5 18. Nf4 e5 19. dxe5 dxe5 20. Nd3 Bf5 21. Nxe5
Qxe5 22. Nd5 Qxb2 23. Ne7+ Kf8 24. Qxb2 Kxe7 25. Rxd8 Rxd8 26. e4 Be6 27. e5
Ng4 28. Re1 Nc5 29. Bf1 Nd7 30. f4 Nc5 31. h3 Nh6 32. b4 axb4 33. Qxb4 Bf8 34.
Qxb6 Nd7 35. Qxc6 Ke8 36. Rd1 Nf5 37. Kh2 Ne3 38. Rc1 Bxa3 39. Ra1 Nxf1+ 40.
Rxf1 Bc5 41. Rd1 Be3 42. Rd6 Rb8 43. Kg2 Rb2+ 44. Kf3 Bg1 45. g4 hxg4+ 46. hxg4
Ke7 47. Rd1 Ba7 48. Qd6+ Ke8 49. Ra1 Rb3+ 50. Kg2 Rb2+ 51. Kh1 Bb8 52. Qc6 Bxg4
53. Re1 Rb3 54. Qc8+ Ke7 55. Kh2 Rh3+ 56. Kg2 Rc3 57. Qa6 Kf8 58. Qc8+ Kg7 {
time} 0-1

[Event "SR 3. liga A2 2015/2016"]
[Site "?"]
[Date "2015.10.25"]
[Round "2.1"]
[White "Bisco, Igor"]
[Black "Sturdik, Igor"]
[Result "1-0"]
[WhiteElo "2068"]
[BlackElo "1994"]
[PlyCount "73"]
[EventDate "2016.??.??"]

1. e4 Nf6 2. e5 Nd5 3. Nf3 d6 4. d4 Nc6 5. Be2 Bg4 6. O-O e6 7. c4 Nb6 8. exd6
cxd6 9. b3 Be7 10. Be3 O-O 11. Nc3 d5 12. c5 Nd7 13. b4 Nxb4 14. Rb1 Nc6 15.
Rxb7 Rb8 16. Rxb8 Qxb8 17. Qa4 Bxf3 18. gxf3 Qc8 19. Rb1 Ndb8 20. Bf4 e5 21.
dxe5 d4 22. Nd5 Bxc5 23. Rc1 Qe6 24. Rxc5 Nxe5 25. Ne7+ Qxe7 26. Rxe5 Qf6 27.
Bg3 Nc6 28. Rc5 Ne7 29. Qd7 Ng6 30. Rc8 h5 31. Rxf8+ Nxf8 32. Qd6 Ne6 33. h4
Qf5 34. Qb8+ Kh7 35. Qb5 Qf6 36. Qxh5+ Kg8 37. Qe5 1-0

[Event "SR 3. liga A2 2015/2016"]
[Site "?"]
[Date "2015.10.25"]
[Round "2.1"]
[White "Bukovsky, Milan"]
[Black "Skocik, Jozef"]
[Result "1-0"]
[WhiteElo "1956"]
[BlackElo "1956"]
[PlyCount "125"]
[EventDate "2016.??.??"]

1. d4 b5 2. Nf3 Bb7 3. Bf4 Nf6 4. e3 a6 5. Bd3 e6 6. O-O c5 7. dxc5 Bxc5 8.
Nbd2 O-O 9. Nb3 Be7 10. c3 d5 11. Qc2 Nbd7 12. Rfd1 Rc8 13. Qe2 Qb6 14. a3 h6
15. h3 Rfd8 16. Rac1 Ne4 17. Ne5 Nxe5 18. Bxe5 Bd6 19. Bxd6 Nxd6 20. Bb1 a5 21.
Qd3 g6 22. Rc2 b4 23. axb4 axb4 24. Rdc1 Nc4 25. Qd4 Qc5 26. cxb4 Qxb4 27. Nd2
e5 28. Qg4 h5 29. Qh4 Qb6 30. Nxc4 Rxc4 31. Rxc4 dxc4 32. Ba2 Rc8 33. Rxc4 Ra8
34. Ra4 Qc6 35. Rxa8+ Bxa8 36. Qg3 Qd6 37. f3 Qf6 38. e4 Kg7 39. Qf2 Qd6 40.
Qa7 Qd4+ 41. Qxd4 exd4 42. Kf2 Bc6 43. Bc4 g5 44. Ke2 Kf6 45. Kd3 Ke5 46. Bxf7
h4 47. Kc4 Bb7 48. b4 Ba6+ 49. b5 d3 50. Kc5 d2 51. Bb3 Bc8 52. b6 Bb7 53. Kc4
Kf4 54. Kd3 Kg3 55. Kxd2 Kxg2 56. Bd5 Bxd5 57. exd5 Kxh3 58. b7 Kg2 59. Ke3 h3
60. b8=Q h2 61. Qxh2+ Kxh2 62. d6 Kg3 63. d7 1-0

[Event "SR 3. liga A2 2015/2016"]
[Site "?"]
[Date "2015.10.25"]
[Round "2.1"]
[White "Gajarsky, Roman"]
[Black "Mosny, Jaroslav"]
[Result "0-1"]
[WhiteElo "1741"]
[BlackElo "1976"]
[PlyCount "78"]
[EventDate "2016.??.??"]

1. e4 e5 2. Nf3 d6 3. d4 exd4 4. Nxd4 g6 5. Nc3 Bg7 6. Be3 Nf6 7. Be2 O-O 8.
Qd2 Re8 9. f3 Nc6 10. O-O-O Nxd4 11. Bxd4 Be6 12. h4 c5 13. Be3 Qa5 14. a3 Red8
15. Bh6 Bh8 16. h5 b5 17. Nd5 Qxd2+ 18. Rxd2 Bxd5 19. exd5 Nxh5 20. Bxb5 Rab8
21. c4 Ng3 22. Re1 Bf6 23. Bf4 Nf5 24. a4 h5 25. a5 Nd4 26. Rxd4 Bxd4 27. a6
Bf6 28. Bd2 Be5 29. Kc2 Kg7 30. Bc3 Bxc3 31. Kxc3 Kf6 32. Re4 Rbc8 33. Rf4+ Kg7
34. Kd3 Rc7 35. Re4 Kf8 36. g4 Re7 37. Rf4 Re5 38. Kc3 Ke7 39. b4 g5 0-1

[Event "SR 3. liga A2 2015/2016"]
[Site "?"]
[Date "2015.10.25"]
[Round "2.1"]
[White "Bahna, Jan"]
[Black "Tupy, Bystrik"]
[Result "1-0"]
[WhiteElo "1895"]
[BlackElo "1767"]
[PlyCount "93"]
[EventDate "2016.??.??"]

1. e4 e5 2. Nf3 Nc6 3. Bb5 a6 4. Ba4 Nf6 5. O-O d6 6. Re1 Bd7 7. c3 Ne7 8. d4
Ng6 9. Nbd2 Be7 10. Nf1 h6 11. Ng3 Bxa4 12. Qxa4+ Qd7 13. Qb3 Qb5 14. Qc2 O-O-O
15. a4 Qe8 16. d5 Nd7 17. b4 Nb8 18. c4 Bh4 19. Nf5 Bf6 20. Be3 Ne7 21. Ng3 g5
22. Nh5 Ng8 23. Rec1 g4 24. Nxf6 Nxf6 25. Nh4 Qg8 26. Nf5 Rd7 27. c5 dxc5 28.
bxc5 c6 29. d6 Kd8 30. Bd2 h5 31. g3 Qg6 32. Ba5+ Ke8 33. Bc7 h4 34. gxh4 Nh5
35. Rab1 b5 36. axb5 axb5 37. Bxb8 Ng7 38. Re1 Nxf5 39. exf5 Qf6 40. Qe4 Qxh4
41. Qxe5+ Kf8 42. f6 Kg8 43. Rb4 Rd8 44. Bc7 Ra8 45. d7 Ra2 46. d8=Q+ Kh7 47.
Qf5+ 1-0

[Event "SR 3. liga A2 2015/2016"]
[Site "?"]
[Date "2015.10.25"]
[Round "2.1"]
[White "Bojnansky, Juraj"]
[Black "Puskas, Miroslav"]
[Result "0-1"]
[WhiteElo "1713"]
[BlackElo "1893"]
[PlyCount "108"]
[EventDate "2016.??.??"]

1. d4 d5 2. c4 e6 3. Nf3 Nf6 4. Nc3 c6 5. g3 Bb4 6. a3 Bxc3+ 7. bxc3 O-O 8. Bg5
Qa5 9. Bxf6 Qxc3+ 10. Nd2 gxf6 11. e3 e5 12. Rc1 Qxa3 13. cxd5 cxd5 14. dxe5
fxe5 15. Bg2 Be6 16. O-O Nc6 17. Qh5 Qe7 18. Nf3 f6 19. Nh4 Qf7 20. Qe2 Rad8
21. f4 e4 22. f5 Bc8 23. Rf4 Ne5 24. Rcf1 Kh8 25. Qa2 a6 26. Rd1 Nd3 27. Rff1
Qh5 28. Qc2 b5 29. Rxd3 exd3 30. Qxd3 Qf7 31. Rf4 Rg8 32. Rd4 Bb7 33. Qd1 Qe7
34. Qd3 Rc8 35. Bxd5 Bxd5 36. Rxd5 Rcd8 37. e4 Rxd5 38. exd5 Qc5+ 39. Kg2 Rd8
40. Qe2 Qxd5+ 41. Kh3 Qe5 42. Qh5 Kg7 43. Qg4+ Kf8 44. Qh5 Qe7 45. Qh6+ Qg7 46.
Qe3 Re8 47. Qa3+ Qe7 48. Qxa6 b4 49. Qb5 Qd6 50. Qb7 Kg8 51. Qf3 Rc8 52. Qg4+
Kh8 53. Ng6+ hxg6 54. fxg6 Rc7 0-1

[Event "SR 3. liga A2 2015/2016"]
[Site "?"]
[Date "2015.10.25"]
[Round "2.1"]
[White "Krist, Milan"]
[Black "Janas, Peter"]
[Result "1-0"]
[WhiteElo "1859"]
[BlackElo "1667"]
[PlyCount "125"]
[EventDate "2016.??.??"]

1. c4 Nf6 2. Nf3 c6 3. Nc3 d5 4. cxd5 cxd5 5. g3 g6 6. d4 Bg7 7. Bg2 O-O 8. O-O
Nc6 9. b3 b6 10. Bb2 Bb7 11. e3 Re8 12. Rc1 Rc8 13. Re1 e6 14. Bf1 Bh6 15. Ba3
a6 16. Bd3 Bf8 17. Bxf8 Kxf8 18. Na4 Nd7 19. Qd2 Kg7 20. Rc2 Qe7 21. Rec1 Nb4
22. Rxc8 Bxc8 23. Be2 b5 24. Nc5 Nc6 25. Nxa6 Ncb8 26. Nc5 Nxc5 27. Rxc5 Nd7
28. Rxb5 Ba6 29. Ra5 Bxe2 30. Qxe2 Nf6 31. Rc5 Qa7 32. Qc2 Re7 33. Ne5 Rb7 34.
Kg2 h5 35. Rc8 Qa6 36. Nd3 Qa7 37. Qc5 Qxc5 38. Nxc5 Ra7 39. a4 Ng8 40. Rb8 Nf6
41. Rb7 Rxb7 42. Nxb7 Nd7 43. Nc5 Nb6 44. a5 Na8 45. Na6 Kf8 46. b4 Ke7 47. b5
Kd8 48. Kf3 f6 49. h4 Kc8 50. g4 Kd7 51. Kg3 e5 52. f4 exd4 53. exd4 f5 54. g5
Kc8 55. Kf3 Kb7 56. Nc5+ Ka7 57. Ne6 Kb7 58. Nf8 Nc7 59. b6 Nb5 60. Ke3 Nd6 61.
Nxg6 Nc4+ 62. Kd3 Nxa5 63. Ne7 1-0